| Tag |
First Indicator |
Second Indicator |
Subfields |
| LEADER |
00000nam a2200000Ia 4500 |
| 001 |
in00004177621 |
| 005 |
20200807085642.0 |
| 006 |
m g d |
| 007 |
cr bn |||a|bb| |
| 008 |
811107s1653 enk o 00| | eng d |
| 035 |
|
|
|a (OCoLC)7916317
|
| 040 |
|
|
|a UMI
|c UMI
|d OCL
|d UMI
|d WaOLN
|
| 037 |
|
|
|a CL0037000040
|b ProQuest Information and Learning. 300 N. Zeeb Rd., Ann Arbor, MI 48106
|
| 043 |
|
|
|a e-uk---
|
| 045 |
0 |
|
|a u5u5
|b d16531216
|
| 049 |
|
|
|a UMIA
|
| 090 |
|
|
|a DA420
|b .G732
|
| 110 |
1 |
|
|a England and Wales.
|b Privy Council.
|
| 245 |
1 |
0 |
|a Whereas the late Parliament dissolving themselves :
|b and resigning their powers and authorities, the government of the Common-wealth of England, Scotland, and Ireland, by a Lord Protector, and successive triennial parliaments, is now established ...
|
| 260 |
|
|
|a London :
|b Printed by Henry Hills,
|c 1653.
|
| 300 |
|
|
|a 1 online resource (1 broadside.
|
| 336 |
|
|
|a text
|b txt
|2 rdacontent
|
| 337 |
|
|
|a computer
|b c
|2 rdamedia
|
| 338 |
|
|
|a online resource
|b cr
|2 rdacarrier
|
| 500 |
|
|
|a At head of title: By the council.
|
| 500 |
|
|
|a Caption title.
|
| 500 |
|
|
|a "Given at White-Hall, this sixteenth day of December, 1653."
|
| 500 |
|
|
|a Reproduction of original in the Union Theological Seminary Library, New York.
|
| 510 |
4 |
|
|a Wing
|c B6363.
|
| 533 |
|
|
|a Electronic reproduction.
|b Ann Arbor, Mich. :
|c UMI,
|d 1999-
|f (Early English books online)
|n Digital version of: (Early English books, 1641-1700 ; 1200:4)
|7 s1999 miun s
|
| 651 |
|
0 |
|a Great Britain
|x History
|y Commonwealth and Protectorate, 1649-1660.
|
| 830 |
|
0 |
|a Early English books online.
|
| 856 |
4 |
0 |
|u http://proxy.library.tamu.edu/login?url=https://search.proquest.com/docview/2248540235
|z Connect to the full text of this electronic book
|t 0
|
| 999 |
f |
f |
|s 09fe1dce-f48c-3b0a-8382-2836eabd4a9d
|i 849046f8-f7c3-3551-84be-24ab8fd11352
|t 0
|
| 952 |
f |
f |
|a Texas A&M University
|b College Station
|c Electronic Resources
|d Available Online
|t 0
|e DA420 .G732
|h Library of Congress classification
|
| 998 |
f |
f |
|a DA420 .G732
|t 0
|l Available Online
|